| 000 | 00491nam a2200145Ia 4500 | ||
|---|---|---|---|
| 008 | 260210s9999 xx 000 0 und d | ||
| 024 | _a17B-042-EE, 18B-022-PE, 18B-029-EE & 18B-045-EE | ||
| 082 | _a621 MUH | ||
| 100 | _aAtif Azim,Muhammad Taha,Fahmeen Murtaza & Usman Ali Afaque | ||
| 110 | _aDr. Abid Karim & Rameen Anwar | ||
| 245 | 0 | _aCNC Farming Machine | |
| 260 |
_aKarachi: _bUITU, _c2020 |
||
| 600 | _aElectrical Engineering | ||
| 650 | _aBachelor of Engineering (BE) | ||
| 999 |
_c33315 _d33315 |
||